crise de 29 - Statistiques

Statistiques générales
  • Ce quiz a été pris 63 fois
  • Le résultat moyen est 12 sur 30
Statistiques - réponses
Hint Réponse % Correct
R reélu année 1936
82%
Blum élu année 1936
82%
jeudi noir jour mois année 24 octobre 1929
76%
national industrial recovery act année 1933
75%
scission SFIO SFIC (coco) année 1933
75%
accord d'ottawa année 1932
73%
marche de la fiam année 1932
73%
RU/japon quitte gold exchange année 1932
73%
coup d'Etat bresil (estado novo) année 1930
67%
tarif hawley smooth année 1930
67%
hoover dam (reconstrcution) année 1931
67%
france touchée par la crise car dévalutaion dollar/livre année 1931
67%
fin new deal, début réarmement année 1938
55%
boom spéculatif année 1926
49%
conference de genes année 1922
41%
mark s'effondre année 1923
35%
accord matignon mois année juin 1936
31%
guerre d'espagne années 1936- 1939
29%
Roosevelt élu mois année novembre 1932
25%
manif anti daladier jour mois année 6 février 1934
10%
conf Londres mois année juillet 1933
10%
faillite kredit ansalt mois année mai 1931
8%
Blum renversé mois année Juin 1937
6%
fusillade de clichy, 5 morts mois année mars 1937
6%
participant grèves spontanées chiffre 2M
4%
scandale stavinsky fin année fin 1933
4%
discours roosevelt pr le new deal jour mois année 2 juillet 1932
2%
création front populaire mois année juillet 1935
2%
suicide salengro mois année novembre 1936
2%
pause des améliorations, amertume mois année février 1937
0%
Aucun quiz correspondant
Distribution des résultats
% des personnes avec chaque résultat
Percentile par nombre de réponses
Votre historique - résultats
Vous n’avez pas pris ce quiz